000 00964cab a2200277 4500
001 WB3110-08
008 090401t1995 xxu||||| |||| 00| 0 eng d
035 _a(Sirsi) u22473
041 _aeng
245 _aDamage to property from tree roots
260 _c1995
350 _a0
490 _aNew Builder
_v(248) 3 March 1995, 4(1)
520 _aFollowing the judgment in "Paterson v Humberside CC", property owners will be able to claim damages from local authorities who fail to control growth of tree roots which undermine their buildings.
650 _aBUILT ENVIRONMENT-BUILDING ELEMENTS-COMPLETE BUILDING ELEMENTS-FOUNDATIONS
650 _aHIGHWAYS ACT 1980 S90(6)
650 _aLIABILITY
650 _aLOCAL AUTHORITIES
650 _aPATERSON V HUMBERSIDE CC
650 _aSETTLEMENT
650 _aSOIL SHRINKAGE
650 _aTREE ROOTS
690 _aBUILDING AND CONSTRUCTION-DEFECTS AND FAILURES
942 _n0
948 _c04/03/1997
999 _c15057
_d15057